| 000 | 01389nam a2200325Ia 4500 | ||
|---|---|---|---|
| 001 | ebr10174051 | ||
| 003 | CaPaEBR | ||
| 006 | m u | ||
| 007 | cr cn||||||||| | ||
| 008 | 080801s2005 njua sb 100 0 eng d | ||
| 020 | _z9812563865 | ||
| 020 | _z9789812701770 (ebook) | ||
| 040 |
_aCaPaEBR _cCaPaEBR |
||
| 035 | _a(OCoLC)246969403 | ||
| 050 | 1 | 4 |
_aTA165 _b.I755 2004eb |
| 111 | 2 |
_aItalian Conference on Sensors and Microsystems _n(9th : _d2004 : _cFerrara, Italy) |
|
| 245 | 1 | 0 |
_aSensors and microsystems _h[electronic resource] : _bproceedings of the 9th Italian Conference, Ferrara, Italy, 8-11 February, 2004 / _ceditors, C. Di Natale ... [et al.]. |
| 260 |
_aHackensack, N.J. : _bWorld Scientific, _cc2005. |
||
| 300 |
_axx, 493 p. : _bill. |
||
| 504 | _aIncludes bibliographical references. | ||
| 533 |
_aElectronic reproduction. _bPalo Alto, Calif. : _cebrary, _d2009. _nAvailable via World Wide Web. _nAccess may be limited to ebrary affiliated libraries. |
||
| 650 | 0 |
_aDetectors _vCongresses. |
|
| 650 | 0 |
_aBiosensors _vCongresses. |
|
| 650 | 0 |
_aChemical detectors _vCongresses. |
|
| 650 | 0 |
_aActuators _vCongresses. |
|
| 655 | 7 |
_aElectronic books. _2local |
|
| 700 | 1 |
_aDi Natale, C. _q(Corrado) |
|
| 710 | 2 | _aebrary, Inc. | |
| 856 | 4 | 0 |
_uhttp://site.ebrary.com/lib/rucke/Doc?id=10174051 _zAn electronic book accessible through the World Wide Web; click to view |
| 999 |
_c138283 _d138283 |
||